[Event "Maharana Pratap Memorial Cup "]
[Site "SchemingMind.com"]
[Date "2015.11.04"]
[Round "-"]
[White "CapuzziG"]
[Black "Pehlwan"]
[Result "0-1"]
[WhiteCountry "ITA"]
[BlackCountry "IND"]
[WhiteElo "1827"]
[WhiteRD "80"]
[BlackElo "2234"]
[BlackRD "133"]
[GameID "389754"]

1. d4 d5 2. c4 dxc4 3. Nf3 Nf6 4. e3 Be6 5. Nc3 c6 6. e4 b5 7. e5 Nd5 8. Be2 g6 9. O-O Bg7 10. Bd2 O-O
11. Qc1 Nxc3 12. bxc3 Nd7 13. Bh6 Nb6 14. Bd1 Nd5 15. Bxg7 Kxg7 16. Be2 Qa5 17. Ng5 Qxc3 18. Nxe6+ fxe6 19. Rd1 Rf4 20. Qd2 Raf8
21. Bf3 Rxf3 22. gxf3 Qxf3 23. Qg5 Nf4 24. Qxe7+ Rf7
0-1

[Event "Maharana Pratap Memorial Cup "]
[Site "SchemingMind.com"]
[Date "2015.11.04"]
[Round "-"]
[White "Pehlwan"]
[Black "CapuzziG"]
[Result "1-0"]
[WhiteCountry "IND"]
[BlackCountry "ITA"]
[WhiteElo "2229"]
[WhiteRD "153"]
[BlackElo "1829"]
[BlackRD "79"]
[GameID "389755"]

1. e4 e6 2. d4 d5 3. Nd2 dxe4 4. Nxe4 Nd7 5. Nf3 Ngf6 6. Bd3 c5 7. Nxf6+ Nxf6 8. Be3 Qc7 9. Qe2 Bd7 10. O-O Bd6
11. dxc5 Bxc5 12. Rad1 Bxe3 13. Qxe3 O-O 14. Ne5 Rfd8 15. c4 b6 16. Rd2 Bc6 17. Rfd1 g6 18. Qg5 Ne4 19. Bxe4 Rxd2 20. Rxd2 Bxe4
21. Rd7 Qc5 22. Qf6
1-0

[Event "Maharana Pratap Memorial Cup "]
[Site "SchemingMind.com"]
[Date "2015.11.04"]
[Round "-"]
[White "Queen "]
[Black "Pehlwan"]
[Result "1/2-1/2"]
[WhiteCountry "IND"]
[BlackCountry "IND"]
[WhiteElo "2331"]
[WhiteRD "165"]
[BlackElo "2229"]
[BlackRD "153"]
[GameID "389756"]

1. d4 d5 2. c4 dxc4 3. Nf3 Nf6 4. e3 Be6 5. Nc3 h6 6. Be2 c6 7. O-O g6 8. Ne5 Bg7 9. e4 O-O 10. f4 b5
11. f5 gxf5 12. exf5 Bd5 13. Qe1 Nbd7 14. Qh4 Kh7 15. Nxd5 cxd5 16. Rf3 Ng8 17. Rh3 Nxe5 18. dxe5 Qc8 19. Bf3 Qxf5 20. Bxd5 Qxe5
21. Bxa8 Rxa8 22. Be3 Rd8 23. Rf1 Qxb2 24. Qg4 Nf6 25. Qf5+ Kg8 26. Bxh6 Qd4+ 27. Kh1 Rd5 28. Qf3 Bxh6 29. Rxh6 Kg7 30. Rh3 Qd2
31. Rg3+ Kf8 32. Rh3 Kg7 33. Rg3+ Kf8 34. Rh3 Kg7
1/2-1/2

[Event "Maharana Pratap Memorial Cup "]
[Site "SchemingMind.com"]
[Date "2015.11.04"]
[Round "-"]
[White "Pehlwan"]
[Black "Queen "]
[Result "1/2-1/2"]
[WhiteCountry "IND"]
[BlackCountry "IND"]
[WhiteElo "2229"]
[WhiteRD "153"]
[BlackElo "2331"]
[BlackRD "165"]
[GameID "389757"]

1. e4 e5 2. Nf3 Nc6 3. Bc4 Bc5 4. O-O Nf6 5. d3 O-O 6. c3 Be7 7. a4 a6 8. Re1 d6 9. h3 Na5 10. Ba2 c5
11. Na3 Nc6 12. Nc4 Be6 13. Ne3 Bxa2 14. Rxa2 Re8 15. Qb3 Qd7 16. Ra1 h6 17. Bd2 Bd8 18. Nf5 d5 19. Rad1 Be7 20. Nh2 Rad8
21. Bc1 Bf8 22. Ng4 Nxg4 23. hxg4 d4 24. g5 Kh7 25. g3 Qe6 26. Qxe6 fxe6 27. Nh4 Be7 28. Nf3 Rf8 29. Kg2 Rf7 30. gxh6 Rdf8
31. Rh1 g6 32. Nh2 Rxf2+ 33. Kh3 b5 34. axb5 axb5 35. Ng4 Rc2 36. Rd2 Rxd2 37. Bxd2 Ra8 38. Rf1 Kg8 39. Nh2 Ra2 40. Nf3 Rxb2=
1/2-1/2

[Event "Maharana Pratap Memorial Cup "]
[Site "SchemingMind.com"]
[Date "2015.11.04"]
[Round "-"]
[White "Hagel"]
[Black "Pehlwan"]
[Result "0-1"]
[WhiteCountry "POL"]
[BlackCountry "IND"]
[WhiteElo "1795"]
[WhiteRD "98"]
[BlackElo "2229"]
[BlackRD "153"]
[GameID "389758"]

1. e4 d5 2. e5 c5 3. f4 Nc6 4. Nf3 e6 5. c3 Nh6 6. d3 Be7 7. Be2 Bd7 8. O-O O-O 9. Na3 Qc7 10. Nc2 a5
11. a4 f6 12. d4 Qb6 13. Rb1 Be8
0-1

[Event "Maharana Pratap Memorial Cup "]
[Site "SchemingMind.com"]
[Date "2015.11.04"]
[Round "-"]
[White "Pehlwan"]
[Black "Hagel"]
[Result "1-0"]
[WhiteCountry "IND"]
[BlackCountry "POL"]
[WhiteElo "2234"]
[WhiteRD "133"]
[BlackElo "1520"]
[BlackRD "69"]
[GameID "389759"]

1. e4 e6 2. d4 d5 3. Nc3 Bb4 4. e5 c5 5. Bd2 cxd4 6. Nb5 Be7 7. Qg4 Kf8 8. Nf3 Nc6 9. Nbxd4 Qb6 10. Nxc6 bxc6
11. Bd3 Qxb2 12. O-O Qb6 13. Rab1 Qc7 14. c4 f5 15. Qg3 Ba6 16. cxd5 Bxd3 17. Nd4
1-0